| Tag |
First Indicator |
Second Indicator |
Subfields |
| LEADER |
00000cmm a2200000 a 4500 |
| 001 |
in00000002382 |
| 005 |
20151007050658.0 |
| 007 |
co ag| |
| 008 |
981209s1998 ncu m f eng d |
| 035 |
|
|
|a (OCoLC)40463978
|
| 035 |
|
|
|9 AJC8903AM
|
| 040 |
|
|
|d GPO
|d DLC
|d MvI
|d UtOrBLW
|
| 049 |
|
|
|a UDOC
|
| 074 |
|
|
|a 0128-M-02
|
| 086 |
0 |
|
|a C 55.54:G 51/CD
|
| 090 |
|
|
|a QC925
|b .G66
|
| 245 |
0 |
0 |
|a Global Precipitation Climatology Project :
|b July 1987 - December 1997, precipitation analyses.
|
| 246 |
1 |
|
|i Disc label title:
|a GEWEX, GPCP, Jul 1987 - Dec 1997, precipitation analyses
|
| 246 |
3 |
|
|a Global Precipitation Climatology Project, GEWEX, July 1987 - December 1997, precipitation analyses
|
| 246 |
3 |
0 |
|a Precipitation analyses, July 1987 - December 1997
|
| 250 |
|
|
|a Version 1A.
|
| 256 |
|
|
|a Computer data.
|
| 264 |
|
1 |
|a Asheville, N.C. :
|b GPCP :
|b National Climatic Data Center,
|c [1998]
|
| 300 |
|
|
|a 1 CD-ROM ;
|c 4 3/4 in.
|
| 336 |
|
|
|a computer program
|b cop
|2 rdacontent
|
| 337 |
|
|
|a computer
|b c
|2 rdamedia
|
| 338 |
|
|
|a computer disc
|b cd
|2 rdacarrier
|
| 538 |
|
|
|a System requirements: Windows 95, Adobe Acrobat reader (included in CD-ROM).
|
| 500 |
|
|
|a Title from container insert.
|
| 500 |
|
|
|a Shipping list number: 99-0008-E.
|
| 520 |
|
|
|a GPCP is a component of WCRP Global Energy and Water Cycle Experiment (GEWEX). Established 1986 to provide monthly mean precipitation data, it merges infrared and microwave satellite estimates of precipitation with rain gauge data from more than 30,000 stations. All its member countries contributed to this analyses.
|
| 520 |
|
|
|a This disc was produced by the National Climate Data Center, with support provided by NOAA. It contains 19 Version 1A precipitation products plus validation data and documentation. Documentation and maps of monthly 'satellite+gauge' analyses can be viewed using the Adobe Acrobat reader. All other analyses and data ... must be accessed via user written programs.
|
| 500 |
|
|
|a Computer file.
|
| 650 |
|
0 |
|a Precipitation (Meteorology)
|x Measurement
|x Databases.
|
| 650 |
|
0 |
|a Climatology.
|
| 650 |
|
0 |
|a Satellite meteorology.
|
| 710 |
2 |
|
|a Global Precipitation Climatology Project.
|
| 710 |
2 |
|
|a National Climatic Data Center (U.S.)
|
| 710 |
2 |
|
|a World Climate Research Programme.
|
| 710 |
2 |
|
|a Global Energy and Water Cycle Experiment.
|
| 999 |
|
|
|a MARS
|
| 999 |
f |
f |
|s c3585d13-cff8-3a95-a870-af5714b9936c
|i 7795c8b4-9663-3253-93df-083b4e57a797
|t 0
|
| 952 |
f |
f |
|p normal
|a Texas A&M University
|b College Station
|c Sterling C. Evans Library
|d Evans: US Documents CD-ROMs (Annex 5th floor)
|t 0
|e C 55.54:G 51/CD
|h Superintendent of Documents classification
|i computer -- computer disc
|m A14838622045
|
| 998 |
f |
f |
|a C 55.54:G 51/CD
|t 0
|l Evans: US Documents CD-ROMs (Annex 5th floor)
|